<?xml version="1.0" encoding="UTF-8"?>
<marc:record xmlns:marc="http://www.loc.gov/MARC21/slim">
   <marc:leader>00000nam a2200000 a 4500</marc:leader>
   <marc:datafield ind1="1" ind2=" " tag="100">
      <marc:subfield code="a">Auer, Margit</marc:subfield>
      <marc:subfield code="4">aut</marc:subfield>
      <marc:subfield code="e">Verfasser/-in</marc:subfield>
   </marc:datafield>
   <marc:datafield ind1="1" ind2=" " tag="100">
      <marc:subfield code="a">Dulleck, Nina</marc:subfield>
      <marc:subfield code="4">aut</marc:subfield>
      <marc:subfield code="e">Verfasser/-in</marc:subfield>
   </marc:datafield>
   <marc:datafield ind1="0" ind2="0" tag="245">
      <marc:subfield code="a">Voll das Chaos!</marc:subfield>
   </marc:datafield>
   <marc:datafield ind1="0" ind2="0" tag="245">
      <marc:subfield code="c">Auer, Margit</marc:subfield>
   </marc:datafield>
   <marc:datafield ind1=" " ind2="1" tag="264">
      <marc:subfield code="a">Hamburg</marc:subfield>
      <marc:subfield code="b">Carlsen</marc:subfield>
      <marc:subfield code="c">2021</marc:subfield>
   </marc:datafield>
   <marc:datafield ind1="1" ind2=" " tag="490">
      <marc:subfield code="a">Die Schule der magischen Tiere</marc:subfield>
      <marc:subfield code="v">12</marc:subfield>
   </marc:datafield>
   <marc:datafield ind1=" " ind2=" " tag="250">
      <marc:subfield code="a">1. Auflage</marc:subfield>
   </marc:datafield>
   <marc:datafield ind1="1" ind2=" " tag="520">
      <marc:subfield code="a">Angaben aus der Verlagsmeldung&lt;br/&gt;&lt;br/&gt;Die Schule der magischen Tiere 12: Voll das Chaos! / von Margit Auer&lt;br/&gt;&lt;br/&gt;Jetzt kostenlos herunterladen  die App zur Serie! ***&lt;br/&gt;&lt;br/&gt;Wer wird dieses Mal ein magisches, sprechendes Tier erhalten? **&lt;br/&gt;&lt;br/&gt;Die Schule der magischen Tiere ist in Gefahr: Mr. Morrison wurde vorgeladen! Der magische Kreis beruft ein Treffen ein und Mr. Morrison muss sich verteidigen. Ihm wird nämlich vorgeworfen, das Geheimnis um die magischen Tiere sei bei ihm nicht sicher! Wie gut, dass Ida, Jo, Benni und Miriam heimlich mit zur Versammlung gereist sind.&lt;br/&gt;Während Mr. Morrison unterwegs ist, bricht in der magischen Zoohandlung das Chaos aus. Gerade jetzt! Der Rest der Klasse muss für Ordnung sorgen. Und Ashanti wieder einfangen. "Oje, oje, oje!", murmelt da nicht nur Eule Muriel.&lt;br/&gt;&lt;br/&gt;*** DIE SCHULE DER MAGISCHEN TIERE: Diese Schule birgt ein Geheimnis! Wer Glück hat, findet hier den besten Freund, den es auf der Welt gibt. Ein magisches Tier. Ein Tier, das sprechen kann. Wenn es zu dir gehört ... ***</marc:subfield>
   </marc:datafield>
   <marc:datafield ind1=" " ind2=" " tag="020">
      <marc:subfield code="a">9783551653628</marc:subfield>
      <marc:subfield code="9">9783551653628</marc:subfield>
   </marc:datafield>
   <marc:datafield ind1=" " ind2=" " tag="041">
      <marc:subfield code="a">ger</marc:subfield>
   </marc:datafield>
   <marc:datafield ind1="0" ind2=" " tag="490">
      <marc:subfield code="v">12</marc:subfield>
   </marc:datafield>
   <marc:datafield ind1=" " ind2=" " tag="338">
      <marc:subfield code="a">Band</marc:subfield>
   </marc:datafield>
   <marc:datafield ind1=" " ind2=" " tag="300">
      <marc:subfield code="a">256 Seiten</marc:subfield>
   </marc:datafield>
</marc:record>
